[Event "9th EUROPEAN  INDIVIDUAL  WOME"]
[Site "Plovdiv, Bulgaria"]
[Date "2008.04.23"]
[Round "3"]
[Board "1"]
[White "Ionica, Iulia Ionela"]
[Black "Zawadzka, Jolanta"]
[Result "0-1"]
[WhiteElo "2278"]
[BlackElo "2397"]
[PlyCount "94"]
[EventDate "2008.04.21"]
[EventRounds "11"]
[EventCountry "BUL"]

1.e4 c5 2.Nf3 d6 3.d4 cxd4 4.Nxd4 Nf6 5.Nc3 a6 6.a4 e6 7.Be2 Nc6 8.Be3 Be7 9.O-O
O-O 10.f4 Qc7 11.Bf3 Re8 12.Kh1 Rb8 13.g4 Nxd4 14.Bxd4 e5 15.Be3 exf4 16.g5 Nd7
17.Nd5 Qd8 18.Nxe7+ Qxe7 19.Bxf4 Ne5 20.Bg2 Bd7 21.Ra3 Rbc8 22.a5 Bg4 23.Qc1 Be2
24.Re1 Nd3 25.cxd3 Rxc1 26.Rxc1 Qd7 27.Rac3 g6 28.R1c2 Qa4 29.b3 Qd4 30.Bxd6
Qxd6 31.Rxe2 Qe5 32.Rec2 Qxa5 33.h3 Qxg5 34.Rc7 Qb5 35.R2c3 Rd8 36.R7c5 Qb6
37.e5 Rxd3 38.Rxd3 Qxc5 39.Rd5 Qc1+ 40.Kh2 Qb2 41.e6 fxe6 42.Rd8+ Kg7 43.Rd7+
Kf6 44.Rxb7 h5 45.Rb6 a5 46.Rb5 Qd4 47.Kh1 e5

[Event "9th EUROPEAN  INDIVIDUAL  WOME"]
[Site "Plovdiv, Bulgaria"]
[Date "2008.04.23"]
[Round "3"]
[Board "1"]
[White "Worek, Joanna"]
[Black "Moser, Eva"]
[Result "0-1"]
[WhiteElo "2244"]
[BlackElo "2395"]
[PlyCount "48"]
[EventDate "2008.04.21"]
[EventRounds "11"]
[EventCountry "BUL"]

1.c4 e5 2.Nc3 Nc6 3.g3 Bb4 4.Bg2 Bxc3 5.bxc3 Nf6 6.d3 O-O 7.Nf3 h6 8.O-O d6
9.Rb1 Re8 10.Ba3 Rb8 11.Ne1 e4 12.d4 Na5 13.Qa4 b6 14.d5 Qd7 15.Qb5 Qxb5 16.cxb5
Nc4 17.Bb4 a5 18.bxa6 Nd2 19.Rd1 Nxf1 20.Bxf1 Bxa6 21.Rd4 Re5 22.c4 b5 23.f4
exf3 24.Nxf3 bxc4

[Event "9th EUROPEAN  INDIVIDUAL  WOME"]
[Site "Plovdiv, Bulgaria"]
[Date "2008.04.23"]
[Round "3"]
[Board "1"]
[White "Bednikova, Stefi"]
[Black "Muzychuk, Mariya"]
[Result "0-1"]
[WhiteElo "2086"]
[BlackElo "2387"]
[PlyCount "94"]
[EventDate "2008.04.21"]
[EventRounds "11"]
[EventCountry "BUL"]

1.e4 c5 2.Nf3 Nc6 3.d4 cxd4 4.Nxd4 Nf6 5.Nc3 e5 6.Ndb5 d6 7.Bg5 a6 8.Na3 b5
9.Nd5 Be7 10.Bxf6 Bxf6 11.c3 Bg5 12.Nc2 Rb8 13.a4 bxa4 14.Ncb4 Nxb4 15.cxb4 Bd7
16.Bxa6 O-O 17.O-O Bc6 18.Rxa4 Bxa4 19.Qxa4 f5 20.exf5 Rxf5 21.Qc6 Kh8 22.b5 e4
23.Rd1 Qf8 24.Qc2 Qf7 25.Qc7 Rf8 26.Qxf7 R5xf7 27.b6 Rxf2 28.Rf1 Rxf1+ 29.Bxf1
Bf6 30.Nxf6 gxf6 31.Ba6 Rb8 32.b7 d5 33.Kf2 d4 34.Kg3 d3 35.Kf2 d2 36.Ke2 e3
37.g4 Kg7 38.b3 h6 39.h3 Kf8 40.Kd1 Ke7 41.Kc2 Kd6 42.b4 Ke5 43.h4 Kf4 44.h5 Kg3
45.Kd1 Kf2 46.Bd3 Rxb7 47.b5 Rc7

[Event "9th EUROPEAN  INDIVIDUAL  WOME"]
[Site "Plovdiv, Bulgaria"]
[Date "2008.04.23"]
[Round "3"]
[Board "1"]
[White "Repkova, Eva"]
[Black "Mamedjarova, Zeinab"]
[Result "1-0"]
[WhiteElo "2381"]
[BlackElo "2322"]
[PlyCount "79"]
[EventDate "2008.04.21"]
[EventRounds "11"]
[EventCountry "BUL"]

1.e4 d6 2.d4 Nd7 3.Nf3 e5 4.Bc4 c6 5.O-O Be7 6.dxe5 dxe5 7.Ng5 Bxg5 8.Qh5 Qf6
9.Bxg5 Qg6 10.Qxg6 hxg6 11.Rd1 Ngf6 12.f3 Nc5 13.Na3 Ne6 14.Be3 Ke7 15.Bf1 Ne8
16.Nc4 f6 17.Rd2 g5 18.Rad1 Nf4 19.Na5 Kf8 20.Bc4 g6 21.Rd7 Bxd7 22.Rxd7 Nd6
23.Rxd6 Ke7 24.Bc5 b6 25.Nxc6+ Ke8 26.Ba3 a6 27.Bxa6 Rh7 28.Rxf6 Rf7 29.Rxf7
Kxf7 30.Bc4+ Kg7 31.g3 Rc8 32.Nxe5 Nh5 33.Bb4 Rd8 34.Bc3 Rd1+ 35.Kg2 Kh7 36.Ng4
Ng7 37.Nf6+ Kh6 38.Bg8 Rc1 39.Ng4+ Kh5 40.Bxg7

[Event "9th EUROPEAN  INDIVIDUAL  WOME"]
[Site "Plovdiv, Bulgaria"]
[Date "2008.04.23"]
[Round "3"]
[Board "1"]
[White "Foisor, Sabina Francesca"]
[Black "Batsiashvili, Nino"]
[Result "0-1"]
[WhiteElo "2375"]
[BlackElo "2304"]
[PlyCount "62"]
[EventDate "2008.04.21"]
[EventRounds "11"]
[EventCountry "BUL"]

1.d4 d5 2.c4 e6 3.Nc3 Be7 4.cxd5 exd5 5.Bf4 c6 6.e3 Bf5 7.g4 Be6 8.h4 Nd7 9.Bd3
Nh6 10.g5 Nf5 11.Qc2 g6 12.Nf3 h5 13.gxh6 Nxh4 14.Nxh4 Bxh4 15.O-O-O g5 16.Bg3
Rxh6 17.f4 gxf4 18.Bxf4 Rh8 19.Rdg1 Nf8 20.Be5 Rh6 21.Bg7 Rh5 22.Be5 Rg5 23.Rf1
Rxe5 24.dxe5 Bg5 25.Re1 Qb6 26.Kb1 Bxe3 27.Rh4 Bg5 28.Rh5 Be7 29.Be2 O-O-O
30.Rh8 Qe3 31.Rhh1 Qxe5 {....}

[Event "9th EUROPEAN  INDIVIDUAL  WOME"]
[Site "Plovdiv, Bulgaria"]
[Date "2008.04.23"]
[Round "3"]
[Board "1"]
[White "Efroimski, Marsel"]
[Black "Khukhashvili, Sopiko"]
[Result "0-1"]
[WhiteElo "2081"]
[BlackElo "2371"]
[PlyCount "80"]
[EventDate "2008.04.21"]
[EventRounds "11"]
[EventCountry "BUL"]

1.e4 c5 2.Nf3 a6 3.Nc3 b5 4.d4 cxd4 5.Nxd4 e6 6.Bd3 Bb7 7.Be3 Qc7 8.f4 Bb4 9.Bd2
Bxc3 10.bxc3 Nf6 11.Qe2 d5 12.e5 Ne4 13.Bxe4 dxe4 14.a4 bxa4 15.Rxa4 O-O 16.O-O
Nd7 17.Rc4 Qa5 18.Nb3 Qb5 19.Nd4 Qd5 20.Rb1 Rac8 21.Rcb4 Nc5 22.Be3 a5 23.c4 Qd7
24.Rb5 a4 25.Nxe6 {Diagram #} fxe6 26.Rxc5 Rxc5 27.Bxc5 Rxf4 28.Qe3 Rf7 29.Bd6
h6 30.Rf1 Rf5 31.Qa7 Qc6 32.Qb8+ Kh7 33.Qc7 Qxc7 34.Bxc7 Rxf1+ 35.Kxf1 Kg6
36.Kf2 Kf5 37.Ba5 g5 38.Ke3 Kxe5 39.g4 Kf6 40.Bb4 Kg6 {.......}

[Event "9th EUROPEAN  INDIVIDUAL  WOME"]
[Site "Plovdiv, Bulgaria"]
[Date "2008.04.23"]
[Round "3"]
[Board "1"]
[White "Socko, Monika"]
[Black "Tarasova, Viktoriya"]
[Result "1-0"]
[WhiteElo "2505"]
[BlackElo "2276"]
[PlyCount "85"]
[EventDate "2008.04.21"]
[EventRounds "11"]
[EventCountry "BUL"]

1.d4 d5 2.c4 c6 3.e3 Bf5 4.Nc3 Nf6 5.Nf3 e6 6.Be2 Nbd7 7.Nh4 Bg6 8.Nxg6 hxg6
9.Qc2 Qc7 10.h3 Bb4 11.Bd2 Bxc3 12.Bxc3 Ne4 13.Bd3 Nxc3 14.Qxc3 Nf6 15.O-O-O
O-O-O 16.Kb1 Rhe8 17.Bc2 Kb8 18.Rd2 Ne4 19.Bxe4 dxe4 20.Rhd1 f5 21.h4 Rd7 22.g3
Red8 23.Qb3 Qa5 24.a3 a6 25.Ka2 Ka7 26.Qc2 Rd6 27.b3 R8d7 28.Qb2 Qd8 29.b4 e5
30.d5 Qf6 31.dxc6 Rxd2 32.Rxd2 Rxd2 33.Qxd2 Qxc6 34.Kb3 Qe6 35.Qd8 Qf7 36.a4 b6
37.Qd6 Qf6 38.Qc7+ Ka8 39.a5 bxa5 40.bxa5 Qe6 41.Kb4 Qe8 42.Kc5 Qf8+ 43.Qd6

[Event "9th EUROPEAN  INDIVIDUAL  WOME"]
[Site "Plovdiv, Bulgaria"]
[Date "2008.04.23"]
[Round "3"]
[Board "1"]
[White "Danielian, Elina"]
[Black "Fakhiridou, Ekaterini"]
[Result "1-0"]
[WhiteElo "2479"]
[BlackElo "2292"]
[PlyCount "51"]
[EventDate "2008.04.21"]
[EventRounds "11"]
[EventCountry "BUL"]

1.Nf3 d6 2.d4 Nd7 3.e4 c6 4.Nc3 e5 5.Bc4 Be7 6.dxe5 Nxe5 7.Nxe5 dxe5 8.Qh5 g6
9.Qxe5 f6 10.Qg3 b5 11.Bb3 b4 12.Ne2 Ba6 13.Be3 Bd6 14.f4 Ne7 15.Nd4 Qa5 16.Ne6
c5 17.O-O-O c4 18.Rxd6 Rc8 19.Kb1 cxb3 20.axb3 Bb7 21.Qh4 Rg8 22.Qxf6 Bxe4
23.Nd4 Qc7 24.Rc1 a5 25.Re6 Bd5 26.Nb5

[Event "9th EUROPEAN  INDIVIDUAL  WOME"]
[Site "Plovdiv, Bulgaria"]
[Date "2008.04.23"]
[Round "3"]
[Board "1"]
[White "Raeva, Elitsa"]
[Black "Hoang, Thanh Trang"]
[Result "0-1"]
[WhiteElo "2258"]
[BlackElo "2477"]
[PlyCount "60"]
[EventDate "2008.04.21"]
[EventRounds "11"]
[EventCountry "BUL"]

1.d4 e6 2.c4 f5 3.Nc3 Nf6 4.Nf3 Bb4 5.Bf4 Ne4 6.Qc2 b6 7.g4 Bb7 8.gxf5 exf5
9.Rg1 O-O 10.Bg2 Nc6 11.e3 Qe7 12.d5 Na5 13.Nd4 Rae8 14.Bh3 Qf6 15.Bxf5 Nxc3
16.Kf1 Nxc4 17.bxc3 Bd6 18.Bg5 Qe5 19.Rg3 Qxd5 20.Bxh7+ Kh8 21.e4 {Diagram #}
Qxg5 22.Rxg5 Ne3+ 23.Kg1 Nxc2 24.Rh5 Nxd4 25.cxd4 Re6 26.e5 Rh6 27.Rxh6 gxh6
28.exd6 Kxh7 29.dxc7 Rg8+ 30.Kf1 Ba6+

[Event "9th EUROPEAN  INDIVIDUAL  WOME"]
[Site "Plovdiv, Bulgaria"]
[Date "2008.04.23"]
[Round "3"]
[Board "1"]
[White "Komiagina, Maria"]
[Black "Javakhishvili, Lela"]
[Result "0-1"]
[WhiteElo "2285"]
[BlackElo "2466"]
[PlyCount "76"]
[EventDate "2008.04.21"]
[EventRounds "11"]
[EventCountry "BUL"]

1.e4 d6 2.d4 Nd7 3.Be3 Ngf6 4.Nc3 e5 5.f4 exd4 6.Bxd4 c5 7.Bf2 Be7 8.Qd2 O-O
9.O-O-O a6 10.Nf3 b5 11.e5 b4 12.Nd5 Nxd5 13.Qxd5 Nb6 14.Qd2 d5 15.Be2 d4 16.h4
Qd5 17.b3 h6 18.Nh2 Qd8 19.Bf3 Ra7 20.g4 Nd5 21.Bxd5 Qxd5 22.Bg3 Rd8 23.Qe2 a5
24.f5 a4 25.Qf3 axb3 26.Qxd5 b2+ 27.Kxb2 Rxd5 28.Nf3 h5 29.Nd2 hxg4 30.Rhf1 Ba6
31.Rf2 c4 32.Ne4 c3+ 33.Kb3 Ra5 34.Nd6 Bxd6 35.exd6 Rb7 36.a4 bxa3+ 37.Ka2 Bc4+
38.Ka1 Rb2

[Event "9th EUROPEAN  INDIVIDUAL  WOME"]
[Site "Plovdiv, Bulgaria"]
[Date "2008.04.23"]
[Round "3"]
[Board "1"]
[White "Vasilevich, Irina"]
[Black "Bensdorp, Marlies"]
[Result "1-0"]
[WhiteElo "2395"]
[BlackElo "2268"]
[PlyCount "221"]
[EventDate "2008.04.21"]
[EventRounds "11"]
[EventCountry "BUL"]

1.c4 e5 2.Nc3 Nf6 3.e3 Nc6 4.a3 g6 5.g3 Bg7 6.Bg2 O-O 7.d3 Re8 8.Nge2 d6 9.b4
Ne7 10.O-O d5 11.cxd5 Nexd5 12.Bb2 c6 13.Rc1 Nxc3 14.Nxc3 Bf5 15.e4 Bg4 16.Qc2
Qd7 17.Na4 Rad8 18.Nc5 Qe7 19.f4 exf4 20.Rxf4 Be6 21.Rcf1 Nh5 22.Bxg7 Nxg7
23.Nxe6 fxe6 24.Qf2 Rd7 25.Bh3 a6 26.d4 Qd8 27.Rf7 h6 28.d5 cxd5 29.exd5 Nf5
30.Rxd7 Qxd7 31.g4 Ng7 32.d6 Qxd6 33.Qf7+ Kh7 34.Qxb7 Re7 35.Qf3 e5 36.Rd1 Qc7
37.g5 hxg5 38.Bg4 e4 39.Qh3+ Kg8 40.Qb3+ Kh7 41.Qh3+ Kg8 42.Qe3 Qe5 43.Qb3+ Kh7
44.Qh3+ Kg8 45.Rd8+ Kf7 46.Qh8 Re8 47.Rxe8 Qxe8 48.Qxe8+ Nxe8 49.Kf2 Kf6 50.Bc8
Nc7 51.Ke3 Ke5 52.Bb7 Nb5 53.a4 Nc3 54.Bxa6 Nd5+ 55.Ke2 Nxb4 56.Bb7 Kd4 57.a5
Na2 58.a6 Nc3+ 59.Ke1 Nb5 60.Bc6 Na7 61.Be8 Ke3 62.Bxg6 Kf3 63.h3 Nb5 64.Be8 Na7
65.Bd7 Ke3 66.Kf1 Kf3 67.Bg4+ Kf4 68.Ke2 Nc6 69.Kf2 Na7 70.Bd7 e3+ 71.Kg2 Ke4
72.Kg3 Kd3 73.Bf5+ Kd4 74.Bg4 Ke4 75.Be2 Kf5 76.Kf3 Nc6 77.Kxe3 Ke5 78.Kf3 Kf5
79.Bd3+ Ke5 80.Kg4 Kf6 81.Be4 Na7 82.Bc2 Nc6 83.Ba4 Na7 84.Bd7 Ke7 85.Ba4 Kf6
86.Kh5 Nc8 87.Be8 Na7 88.Bd7 Ke7 89.Ba4 Kf6 90.Kg4 Kg6 91.Kf3 Kf5 92.Bd7+ Ke5
93.Ke3 Kd6 94.Bg4 Ke5 95.Kd3 Kd5 96.Bh5 Ke5 97.Kc4 Kd6 98.Bf7 Ke7 99.Bh5 Kd6
100.Kd4 Kc7 101.Kc5 Nc8 102.Bf7 Ne7 103.Be6 Nc6 104.Bd5 Na7 105.Bf3 Nc8 106.Bd5
Kb8 107.Be6 Ne7 108.Kb6 Ka8 109.a7 g4 110.hxg4 Nd5+ 111.Bxd5#

[Event "9th EUROPEAN  INDIVIDUAL  WOME"]
[Site "Plovdiv, Bulgaria"]
[Date "2008.04.23"]
[Round "3"]
[Board "1"]
[White "Kachiani Gersinska, Ketino"]
[Black "Maksimovic, Suzana"]
[Result "1-0"]
[WhiteElo "2388"]
[BlackElo "2264"]
[PlyCount "137"]
[EventDate "2008.04.21"]
[EventRounds "11"]
[EventCountry "BUL"]

1.d4 Nf6 2.c4 Nc6 3.Nf3 e6 4.g3 Bb4+ 5.Bd2 Qe7 6.Nc3 O-O 7.Bg2 d6 8.Rc1 Bxc3
9.Bxc3 e5 10.d5 Nb8 11.O-O Ne4 12.Bb4 a5 13.Ba3 Na6 14.b3 f5 15.Ne1 Bd7 16.Nd3
b6 17.Bb2 Nec5 18.f4 e4 19.Nxc5 Nxc5 20.a3 b5 21.Bd4 b4 22.a4 c6 23.dxc6 Bxc6
24.Qc2 Rac8 25.Be3 Nd7 26.Bh3 Nc5 27.Rfd1 Bd7 28.Rd2 Be6 29.Qb2 Rfd8 30.Rcd1 Rd7
31.Kg2 Rdd8 32.Kf2 Nb7 33.Bb6 Rd7 34.e3 Qf7 35.Bf1 h6 36.Be2 Kh7 37.h4 Rc6
38.Bd4 Rc8 39.h5 Rdc7 40.Qb1 Rc6 41.g4 fxg4 42.Qxe4+ Bf5 43.Qxf5+ Qxf5 44.Bd3
Rf8 45.Bxf5+ Rxf5 46.Kg3 Rxh5 47.Kxg4 g6 48.e4 Rc8 49.Bf2 Rf8 50.Kg3 g5 51.Kg4
Rh2 52.f5 h5+ 53.Kxg5 Rg2+ 54.Kf4 Re8 55.Kf3 Rg4 56.Re2 Kg7 57.Rh1 Nc5 58.Bxc5
dxc5 59.Rxh5 Rg1 60.e5 Rd8 61.Rg2+ Rxg2 62.Kxg2 Rd2+ 63.Kf3 Rd3+ 64.Ke4 Rxb3
65.Rg5+ Kf8 66.f6 Rb1 67.e6 Re1+ 68.Kd5 b3 69.Rh5

[Event "9th EUROPEAN  INDIVIDUAL  WOME"]
[Site "Plovdiv, Bulgaria"]
[Date "2008.04.23"]
[Round "3"]
[Board "1"]
[White "Turova, Irina"]
[Black "Schneider, Veronika"]
[Result "1-0"]
[WhiteElo "2380"]
[BlackElo "2261"]
[PlyCount "69"]
[EventDate "2008.04.21"]
[EventRounds "11"]
[EventCountry "BUL"]

1.Nf3 d5 2.c4 c6 3.d4 Nf6 4.Nc3 e6 5.Qd3 Nbd7 6.e4 dxe4 7.Nxe4 Nxe4 8.Qxe4 Nf6
9.Qc2 c5 10.Be2 cxd4 11.O-O Bd6 12.c5 Bc7 13.Bb5+ Bd7 14.Nxd4 Be5 15.Bxd7+ Nxd7
16.Nf3 Bf6 17.Rd1 O-O 18.Bf4 Qc8 19.Rac1 Rd8 20.b4 e5 21.Be3 Nf8 22.Rxd8 Qxd8
23.b5 Ne6 24.Qe4 Qc7 25.h3 g6 26.b6 axb6 27.cxb6 Qe7 28.Nxe5 Rxa2 29.Ng4 Bg7
30.Rc8+ Bf8 31.Qe5 h5 32.Nf6+ Kg7 33.Nxh5+ Kh7 34.Nf6+ Kg7 35.Nh5+

[Event "9th EUROPEAN  INDIVIDUAL  WOME"]
[Site "Plovdiv, Bulgaria"]
[Date "2008.04.23"]
[Round "3"]
[Board "1"]
[White "Makka, Ioulia"]
[Black "Molchanova, Tatjana"]
[Result "1/2-1/2"]
[WhiteElo "2204"]
[BlackElo "2359"]
[PlyCount "67"]
[EventDate "2008.04.21"]
[EventRounds "11"]
[EventCountry "BUL"]

1.e4 e5 2.Nf3 Nc6 3.Bb5 Nf6 4.d3 d6 5.c3 Be7 6.Nbd2 O-O 7.O-O Bg4 8.Re1 a6 9.Ba4
b5 10.Bc2 h6 11.Nf1 Nh7 12.h3 Bc8 13.Ne3 Ng5 14.Nxg5 Bxg5 15.d4 Ne7 16.a4 bxa4
17.Rxa4 Ng6 18.dxe5 Nxe5 19.Nd5 Bxc1 20.Qxc1 Bd7 21.Ra2 Be6 22.b3 Bxd5 23.exd5
Re8 24.Ra4 Qg5 25.Kf1 Qxc1 26.Rxc1 Nd7 27.Re1 Rxe1+ 28.Kxe1 a5 29.c4 Nb6 30.Ra3
Kf8 31.Ke2 a4 32.bxa4 Nxc4 33.Rc3 Nb6 34.Rxc7

[Event "9th EUROPEAN  INDIVIDUAL  WOME"]
[Site "Plovdiv, Bulgaria"]
[Date "2008.04.23"]
[Round "3"]
[Board "1"]
[White "Majdan, Joanna"]
[Black "Ohme, Melanie"]
[Result "1/2-1/2"]
[WhiteElo "2338"]
[BlackElo "2248"]
[PlyCount "82"]
[EventDate "2008.04.21"]
[EventRounds "11"]
[EventCountry "BUL"]

1.e4 c5 2.Nf3 e6 3.d4 cxd4 4.Nxd4 a6 5.Bd3 Bc5 6.Nb3 Ba7 7.Qg4 Nf6 8.Qg3 d6
9.Nc3 Nc6 10.O-O b5 11.a3 Bb7 12.Bg5 Ne5 13.Be2 h6 14.Bf4 Nc4 15.Qxg7 Rg8
16.Qxh6 Nxe4 17.Bf3 Nxf2 18.Qh7 Ng4+ 19.Kh1 Nf6 20.Qh3 Qc7 21.Bg3 Rg6 22.Qh8+
Ke7 23.Qh4 Ne3 24.Ne4 Nf5 25.Bxd6+ Qxd6 26.Nxd6 Nxh4 27.Bxb7 Rb8 28.Rad1 Rxb7
29.Nxb7 Nf5 30.Rf3 Ne4 31.g3 Nf2+ 32.Rxf2 Bxf2 33.N3c5 Rh6 34.Rd7+ Ke8 35.Rd8+
Ke7 36.Rd7+ Ke8 37.g4 Bxc5 38.Rd8+ Ke7 39.gxf5 Bb6 40.Rd6 Bc7 41.Rc6 Bxh2

[Event "9th EUROPEAN  INDIVIDUAL  WOME"]
[Site "Plovdiv, Bulgaria"]
[Date "2008.04.23"]
[Round "3"]
[Board "1"]
[White "Tsiganova, Monika"]
[Black "Demina, Julia"]
[Result "0-1"]
[WhiteElo "2198"]
[BlackElo "2337"]
[PlyCount "52"]
[EventDate "2008.04.21"]
[EventRounds "11"]
[EventCountry "BUL"]

1.d4 Nf6 2.c4 e6 3.Nf3 Bb4+ 4.Nbd2 O-O 5.g3 d5 6.Bg2 b6 7.O-O Bb7 8.Ne5 Be7
9.Qc2 c5 10.cxd5 exd5 11.Rd1 Na6 12.dxc5 bxc5 13.Nb3 Qc7 14.Bf4 g5 15.Nxf7 gxf4
16.Ng5 fxg3 17.Qf5 gxf2+ 18.Kh1 d4 19.Bf3 Bxf3+ 20.exf3 Qd7 21.Ne6 Kh8 22.Nbxd4
f1=Q+ 23.Rxf1 cxd4 24.Rg1 Nc7 25.Rae1 Nxe6 26.Rxe6 Rf7

[Event "9th EUROPEAN  INDIVIDUAL  WOME"]
[Site "Plovdiv, Bulgaria"]
[Date "2008.04.23"]
[Round "3"]
[Board "1"]
[White "Gavasheli, Ana"]
[Black "Kursova, Maria"]
[Result "1/2-1/2"]
[WhiteElo "2191"]
[BlackElo "2322"]
[PlyCount "68"]
[EventDate "2008.04.21"]
[EventRounds "11"]
[EventCountry "BUL"]

1.Nf3 c5 2.c4 Nc6 3.g3 e5 4.d3 g6 5.Bg2 Bg7 6.O-O Nge7 7.Nc3 d6 8.Nd5 O-O 9.a3
Rb8 10.Rb1 b5 11.Ne1 Nxd5 12.cxd5 Ne7 13.b4 cxb4 14.axb4 a5 15.bxa5 Qxa5 16.Bd2
Qc7 17.Nc2 Bf5 18.Nb4 Qd7 19.Rb3 Bh3 20.Qb1 Bxg2 21.Kxg2 Rfc8 22.e4 h5 23.Nc2
Rb7 24.h4 Kh7 25.Qb2 Rcb8 26.Rb1 f5 27.Bg5 Nc8 28.Nb4 Na7 29.Be3 Ra8 30.Ra1 Bf8
31.Rxa7 Rbxa7 32.Bxa7 Qxa7 33.Nc6 Qf7 34.Qe2 f4

[Event "9th EUROPEAN  INDIVIDUAL  WOME"]
[Site "Plovdiv, Bulgaria"]
[Date "2008.04.23"]
[Round "3"]
[Board "1"]
[White "Cherednichenko, Elena"]
[Black "Petrenko, Svetlana"]
[Result "1/2-1/2"]
[WhiteElo "2155"]
[BlackElo "2314"]
[PlyCount "81"]
[EventDate "2008.04.21"]
[EventRounds "11"]
[EventCountry "BUL"]

1.d4 d5 2.Nf3 e6 3.e3 f5 4.Bd3 Nf6 5.O-O Bd6 6.b3 Qe7 7.Bb2 O-O 8.c4 c6 9.Ne5 g5
10.a4 Bd7 11.Ba3 Be8 12.Bxd6 Qxd6 13.Nc3 a6 14.c5 Qc7 15.b4 b6 16.Qb3 Nbd7
17.Nxd7 Nxd7 18.cxb6 Qxb6 19.a5 Qb7 20.Na4 e5 21.dxe5 Nxe5 22.Nc5 Qc8 23.Be2 f4
24.Qc3 Ng6 25.e4 g4 26.f3 h5 27.Rad1 Bf7 28.Qf6 Re8 29.Bd3 gxf3 30.Rxf3 Qd8
31.Qxd8 Raxd8 32.Bxa6 dxe4 33.Rxd8 Rxd8 34.Nxe4 Rd4 35.Nf6+ Kg7 36.Nxh5+ Kh6
37.g4 Rxb4 38.Ra3 Rb1+ 39.Kg2 Rb2+ 40.Kg1 Bd5 41.Nf6

[Event "9th EUROPEAN  INDIVIDUAL  WOME"]
[Site "Plovdiv, Bulgaria"]
[Date "2008.04.23"]
[Round "3"]
[Board "1"]
[White "Minina, Veronika"]
[Black "Kadimova, Ilaha"]
[Result "1/2-1/2"]
[WhiteElo "2148"]
[BlackElo "2308"]
[PlyCount "32"]
[EventDate "2008.04.21"]
[EventRounds "11"]
[EventCountry "BUL"]

1.Nf3 d5 2.d4 Nf6 3.c4 c6 4.Qc2 dxc4 5.Qxc4 Bf5 6.Bf4 e6 7.e3 Nd5 8.Bxb8 Rxb8
9.Bd3 Bxd3 10.Qxd3 Qb6 11.Qe2 Bb4+ 12.Nbd2 Bxd2+ 13.Qxd2 Qb5 14.Qe2 Qb4+ 15.Qd2
Qb5 16.Qe2 Qb4+

[Event "9th EUROPEAN  INDIVIDUAL  WOME"]
[Site "Plovdiv, Bulgaria"]
[Date "2008.04.23"]
[Round "3"]
[Board "1"]
[White "Butuc, Maria"]
[Black "Rudolf, Anna"]
[Result "1-0"]
[WhiteElo "2137"]
[BlackElo "2302"]
[PlyCount "61"]
[EventDate "2008.04.21"]
[EventRounds "11"]
[EventCountry "BUL"]

1.e4 e6 2.d4 d5 3.Nc3 Nf6 4.e5 Nfd7 5.f4 c5 6.Nf3 Nc6 7.Ne2 Qb6 8.c3 f6 9.h4 Be7
10.a3 O-O 11.b4 cxd4 12.cxd4 a5 13.b5 Qxb5 14.Nc3 Qb6 15.Rb1 Qd8 16.Bd3 h6
17.Ng5 fxg5 18.hxg5 Nxd4 19.Qh5 Nc5 20.Qg6 Nf5 21.Bxf5 Rxf5 22.Rxh6 Bf8 23.g4
Nd3+ 24.Ke2 Rxf4 25.Qxd3 Qxg5 26.Qh7+ Kf7 27.Bxf4 Qxg4+ 28.Kd3 Qf3+ 29.Be3 Ke8
30.Rh3 Qg4 31.Qh5+

[Event "9th EUROPEAN  INDIVIDUAL  WOME"]
[Site "Plovdiv, Bulgaria"]
[Date "2008.04.23"]
[Round "3"]
[Board "1"]
[White "Djingarova, Emilia"]
[Black "Bensdorp, Laura"]
[Result "1-0"]
[WhiteElo "2301"]
[BlackElo "2085"]
[PlyCount "107"]
[EventDate "2008.04.21"]
[EventRounds "11"]
[EventCountry "BUL"]

1.e4 c5 2.Nf3 d6 3.Bc4 e6 4.d3 Be7 5.O-O Nf6 6.c3 O-O 7.Bb3 Nc6 8.Re1 e5 9.h3
Be6 10.Bc2 h6 11.Nbd2 Re8 12.Nf1 Bf8 13.Ba4 Bd7 14.Ne3 a6 15.Bc2 Ne7 16.d4 Ng6
17.Nf5 Qc7 18.d5 Nh7 19.Nh2 Ne7 20.Ng4 Nxf5 21.exf5 Qd8 22.Qf3 b5 23.Qg3 Kh8
24.f4 exf4 25.Bxf4 Qc7 26.f6 Bxg4 27.fxg7+ Bxg7 28.Qxg4 Nf6 29.Qh4 Ng8 30.Qh5
Qd7 31.Qf3 c4 32.Qg3 Nf6 33.Qh4 Ng8 34.Rad1 Rxe1+ 35.Rxe1 Re8 36.Rxe8 Qxe8
37.Bxd6 Qe3+ 38.Qf2 Qxf2+ 39.Kxf2 Nf6 40.Kf3 Nxd5 41.Be4 Nb6 42.Bb7 a5 43.Bc7
Na4 44.Bxa5 Nxb2 45.Ba6 Na4 46.Bxb5 Bxc3 47.Bxc3+ Nxc3 48.Bxc4 Kg7 49.Ke3 Kf6
50.Kd4 Na4 51.Bb5 Nb6 52.Kc5 Nc8 53.Bd7 Ne7 54.a4

[Event "9th EUROPEAN  INDIVIDUAL  WOME"]
[Site "Plovdiv, Bulgaria"]
[Date "2008.04.23"]
[Round "3"]
[Board "1"]
[White "Ni, Viktorija"]
[Black "Shaidullina, Sandugach"]
[Result "0-1"]
[WhiteElo "2120"]
[BlackElo "2298"]
[PlyCount "78"]
[EventDate "2008.04.21"]
[EventRounds "11"]
[EventCountry "BUL"]

1.d4 d5 2.c4 c6 3.e3 Nf6 4.Bd3 a6 5.Nf3 Bg4 6.Nc3 b5 7.cxd5 cxd5 8.a4 b4 9.Na2
e6 10.Bd2 Bxf3 11.gxf3 a5 12.Nc1 Be7 13.Ne2 Nbd7 14.Bb5 O-O 15.Ng3 Ne8 16.b3 Nd6
17.Be2 Rc8 18.Bc1 g6 19.Bb2 Bh4 20.Rg1 Kh8 21.Rc1 f5 22.f4 Nf6 23.f3 g5 24.Rxc8
Qxc8 25.Qc1 gxf4 26.exf4 Qxc1+ 27.Bxc1 Rc8 28.Bd2 Nh5 29.Bd1 Rg8 30.Kf2 Nc8
31.Be2 Ne7 32.Ke3 Nxg3 33.hxg3 Bxg3 34.Kd3 h5 35.Bf1 h4 36.Bh3 Ng6 37.Rh1 Rc8
38.Rg1 Kg7 39.Bf1 Kf6

[Event "9th EUROPEAN  INDIVIDUAL  WOME"]
[Site "Plovdiv, Bulgaria"]
[Date "2008.04.23"]
[Round "3"]
[Board "1"]
[White "Zakurdjaeva, Irina"]
[Black "Stefanova, Milena"]
[Result "1-0"]
[WhiteElo "2296"]
[BlackElo "2029"]
[PlyCount "75"]
[EventDate "2008.04.21"]
[EventRounds "11"]
[EventCountry "BUL"]

1.e4 c5 2.Nf3 Nc6 3.d4 cxd4 4.Nxd4 e5 5.Nb5 d6 6.N1c3 a6 7.Na3 Be7 8.Nd5 f5
9.Nc4 b5 10.Nxe7 Ngxe7 11.Nxd6+ Kf8 12.Be3 Nd4 13.Bxd4 Qxd6 14.Bc3 Qc6 15.Qd8+
Qe8 16.Qd6 Qc6 17.Qxe5 Qxe4+ 18.Qxe4 fxe4 19.a4 Rb8 20.axb5 axb5 21.Ra7 Kf7
22.Be2 Be6 23.Bh5+ g6 24.Bxh8 Rxh8 25.Be2 Rc8 26.Kd2 b4 27.Rha1 Kf6 28.Ra8 Rc5
29.R1a5 Rc6 30.R5a6 Rc5 31.Bg4 Nf5 32.Bxf5 gxf5 33.Re8 Re5 34.Ke3 Kf7 35.Rexe6
Rxe6 36.Rxe6 Kxe6 37.Kf4 Kf6 38.c4

[Event "9th EUROPEAN  INDIVIDUAL  WOME"]
[Site "Plovdiv, Bulgaria"]
[Date "2008.04.23"]
[Round "3"]
[Board "1"]
[White "Boyarchenko, Marie"]
[Black "Aginian, Nelly"]
[Result "0-1"]
[WhiteElo "1877"]
[BlackElo "2295"]
[PlyCount "42"]
[EventDate "2008.04.21"]
[EventRounds "11"]
[EventCountry "BUL"]

1.e4 e6 2.d4 d5 3.exd5 exd5 4.Bd3 c5 5.dxc5 Nc6 6.Qf3 Bxc5 7.Ne2 Nf6 8.h3 O-O
9.O-O Re8 10.Bg5 Ne5 11.Qg3 h6 12.Bxf6 Qxf6 13.Nbc3 Be6 14.Rad1 Rad8 15.Bb5 Nc6
16.a3 Bd6 17.f4 a6 18.Bd3 Bf5 19.Bxf5 Qxf5 20.Qd3 Qxd3 21.Rxd3 d4

[Event "9th EUROPEAN  INDIVIDUAL  WOME"]
[Site "Plovdiv, Bulgaria"]
[Date "2008.04.23"]
[Round "3"]
[Board "1"]
[White "Schuurman, Petra"]
[Black "Mihajlova, Diana"]
[Result "1-0"]
[WhiteElo "2295"]
[BlackElo "1623"]
[PlyCount "65"]
[EventDate "2008.04.21"]
[EventRounds "11"]
[EventCountry "BUL"]

1.d4 f5 2.c4 e6 3.Nc3 c6 4.e4 Bb4 5.exf5 exf5 6.Bd3 g6 7.Nge2 Nf6 8.Bg5 h6 9.Bd2
d5 10.O-O g5 11.Ng3 f4 12.Re1+ Kd7 13.Nf5 Kc7 14.cxd5 Bxf5 15.Bxf5 Bxc3 16.bxc3
Qxd5 17.Be6 Qd6 18.c4 b6 19.d5 Rd8 20.Bc3 Nbd7 21.Bxd7 Nxd7 22.Re6 Qf8 23.Rxc6+
Kb7 24.Qf3 Rac8 25.a4 a5 26.Rb1 Ka7 27.d6 Qf5 28.Rb5 Qc2 29.h3 Qxa4 30.Rc7+ Rxc7
31.dxc7 Rc8 32.Qc6 Qc2 33.Bxa5

[Event "9th EUROPEAN  INDIVIDUAL  WOME"]
[Site "Plovdiv, Bulgaria"]
[Date "2008.04.23"]
[Round "3"]
[Board "1"]
[White "Foisor, Cristina Adela"]
[Black "Pavlidou, Ekaterini"]
[Result "1/2-1/2"]
[WhiteElo "2364"]
[BlackElo "1978"]
[PlyCount "63"]
[EventDate "2008.04.21"]
[EventRounds "11"]
[EventCountry "BUL"]

1.Nf3 Nf6 2.g3 g6 3.Bg2 Bg7 4.O-O O-O 5.d4 d5 6.c4 c6 7.cxd5 cxd5 8.Nc3 Bf5
9.Qb3 b6 10.Ne5 e6 11.h3 h5 12.Bg5 Qe8 13.Nb5 Bc2 14.Qxc2 Qxb5 15.a4 Qb4 16.Nd3
Qd6 17.Bf4 Qe7 18.a5 Nbd7 19.Rfc1 bxa5 20.Qc6 Rfc8 21.Qxc8+ Rxc8 22.Rxc8+ Ne8
23.Rxa5 Bxd4 24.Ra1 Kh7 25.Bd2 Nb6 26.Rc2 Nc4 27.Bc3 Bxc3 28.Rxc3 Ncd6 29.b3 Nf5
30.e3 Kg7 31.Nf4 h4 32.gxh4? {.....}